Normal view
MARC view
- Viessman Jr,Warren
Entry Personal Name
001 - CONTROL NUMBER
- control field: 6131
003 - CONTROL NUMBER IDENTIFIER
- control field: NUST
005 - DATE AND TIME OF LATEST TRANSACTION
- control field: 20171108103701.0
008 - FIXED-LENGTH DATA ELEMENTS
- fixed length control field: 171108|| aca||aabn | a|a d
040 ## - CATALOGING SOURCE
- Original cataloging agency: NUST
- Transcribing agency: NUST
100 ## - HEADING--PERSONAL NAME
- Personal name: Viessman Jr,Warren
670 ## - SOURCE DATA FOUND
- Source citation: Work cat.: (NUST): Viessman Jr,Warren, Water Supply and Pollution Control, 2015
